Вып. 27; Резание и инструмент

Bibliografiske detaljer
Parent link:Резание и инструмент: республиканский межведомственный научно-технический сборник/ Харьковский политехнический институт (ХПИ). Вып. 27.— , 1966-1992.— 0370-808X
Andre forfattere: Родин П. Р. (редактор)
Sprog:russisk
Udgivet: 1982
Fag:
Format: MixedMaterials Bog
KOHA link:https://koha.lib.tpu.ru/cgi-bin/koha/opac-detail.pl?biblionumber=311171

MARC

LEADER 00000nam2a2200000 4500
001 311171
005 20231102002347.0
035 |a (RuTPU)RU\TPU\book\336526 
090 |a 311171 
100 |a 20151203d1982 km y0rusy50 ca 
101 0 |a rus 
102 |a UA 
105 |a a z 001zy 
200 0 |a Вып. 27  |f под ред. П. Р. Родина 
210 |d 1982 
215 |a 107 с.  |c ил. 
320 |a Библиогр. в конце ст. 
461 1 |0 (RuTPU)RU\TPU\book\29055  |x 0370-808X  |t Резание и инструмент  |o республиканский межведомственный научно-технический сборник  |f Харьковский политехнический институт (ХПИ)  |v Вып. 27  |d 1966-1992 
606 1 |a Резание материалов  |2 stltpush  |3 (RuTPU)RU\TPU\subj\24497  |9 48835 
606 1 |a Режущие инструменты  |2 stltpush  |3 (RuTPU)RU\TPU\subj\72754  |9 86158 
610 1 |a металлообработка 
610 1 |a прогрессивные методы 
610 1 |a точение 
610 1 |a резцы 
610 1 |a минералокерамические материалы 
610 1 |a алмазное сверление 
610 1 |a стеклопластики 
610 1 |a сверление 
610 1 |a полимерные материалы 
610 1 |a отверстия 
610 1 |a резьбы 
610 1 |a раскатка 
610 1 |a формообразование 
610 1 |a сложные поверхности 
610 1 |a сложные поверхности 
610 1 |a конструкции 
675 |a 621.91  |v 4 
675 |a 621.9.02  |v 4 
702 1 |a Родин  |b П. Р.  |4 340 
801 1 |a RU  |b 63413507  |c 20151203 
801 2 |a RU  |b 63413507  |c 20191112  |g RCR 
942 |c BK